Využitie 3D informácie pri rozpoznávaní ľudskej tváre
Saved in:
| Main Author: | |
|---|---|
| Other Authors: | |
| Format: | Manuscript Book |
| Language: | Slovak English |
| Published: |
2016
|
| Subjects: | |
| Online Access: | http://is.stuba.sk/zp/portal_zp.pl?podrobnosti=119348 |
| Tags: |
No Tags, Be the first to tag this record!
|
MARC
| LEADER | 00000ntm a22000003a 4500 | ||
|---|---|---|---|
| 001 | stuzp59030 | ||
| 003 | SK-STU | ||
| 005 | 20160719155737.3 | ||
| 007 | ta | ||
| 008 | 150427s2015----xo-----f-mn---000-0-slo-d | ||
| 040 | |a STU |b slo | ||
| 041 | 0 | |a eng | |
| 100 | 1 | |a Viskup, Michal |u 070400 |k Z4 |4 aut |U FIIT Fakulta informatiky a informačných technológií |T FIIT Ústav počítačového inžinierstva a aplikovanej informatiky |X 46182 |U I400 |Y 672 |7 A000046182 | |
| 242 | 0 | 1 | |a Využitie 3D informácie pri rozpoznávaní ľudskej tváre |y slo |
| 245 | 1 | 0 | |a Využitie 3D informácie pri rozpoznávaní ľudskej tváre |
| 260 | |c 2016 | ||
| 650 | 4 | |a segmentácia tváre |2 slo | |
| 650 | 4 | |a Fisherfaces |2 slo | |
| 650 | 4 | |a rozpoznávanie tváre |2 slo | |
| 650 | 4 | |a hĺbková mapa |2 slo | |
| 650 | 4 | |a Eigenfaces |2 slo | |
| 650 | 4 | |a odhad pózy hlavy |2 slo | |
| 650 | 4 | |a Fisherfaces |2 eng | |
| 650 | 4 | |a face recognition |2 eng | |
| 650 | 4 | |a depth map |2 eng | |
| 650 | 4 | |a Eigenfaces |2 eng | |
| 650 | 4 | |a face segmentation |2 eng | |
| 650 | 4 | |a head pose estimation |2 eng | |
| 700 | 1 | |a Benešová, Vanda |u 070400 |k Z1 |4 ths |U FIIT Fakulta informatiky a informačných technológií |T FIIT Ústav počítačového inžinierstva a aplikovanej informatiky |X 63121 |U I400 |Y 672 |7 63121 | |
| 856 | 4 | |u http://is.stuba.sk/zp/portal_zp.pl?podrobnosti=119348 | |
| 996 | |b 8284 |c I* DIP 108/2016 |l II680 |s P |a 0 |w stuzp59030_0001 | ||
| SQL | |a stuzp59030 |b DDP |c ENG |d Využitie 3D informácie pri rozpoznávaní ľudskej tváre |e 46182 |f Viskup, Michal |g 070400 |h 63121 |i Benešová, Vanda |j 20160613 |k 205 |l 07 |m http://is.stuba.sk/zp/portal_zp.pl?podrobnosti=119348 |n I-IS2 |o 9.2.6. informačné systémy | ||